| 000 | 00724nam a22002057a 4500 | ||
|---|---|---|---|
| 999 |
_c8121 _d8121 |
||
| 003 | AR-CdUCM | ||
| 008 | 190322b ||||| |||| 00| 0 spa d | ||
| 040 |
_aMUNICIPALIDAD PROVINCIAL DEL CUSCO _cBIBLIOTECA MUNICIPAL DEL CUSCO |
||
| 082 |
_a551,5 / _bL82 |
||
| 100 |
_aLongley, Richmond W. _922931 |
||
| 245 | _aTratado ilustrado de meteorología / | ||
| 260 |
_aBuenos Aires : _bSantander, _c1973. |
||
| 300 |
_a332 páginas ; _c24 cm. |
||
| 505 | _aContenido : Introducción -- Por que sopla el viento -- Temperatura -- Presión atmosférica -- El agua en la atmósfera -- Radiación ... | ||
| 650 |
_aMeteorología _921608 |
||
| 650 |
_aViento _922932 |
||
| 650 |
_aAgua _919441 |
||
| 942 |
_2ddc _cLIBROS |
||
| 945 | _arah | ||